Java How to Program(with CD) (Record no. 47445)

MARC details
000 -LEADER
fixed length control field 00432nam a2200181Ia 4500
008 - FIXED-LENGTH DATA ELEMENTS--GENERAL INFORMATION
fixed length control field 230524s9999 xx 000 0 und d
020 ## - INTERNATIONAL STANDARD BOOK NUMBER
ISBN 9788120333574
082 ## - DEWEY DECIMAL CLASSIFICATION NUMBER
Classification number 4.16
Item number MIS
100 ## - MAIN ENTRY--AUTHOR NAME
Personal name Paul Deitel
245 #0 - TITLE STATEMENT
Title Java How to Program(with CD)
250 ## - EDITION STATEMENT
Edition statement 3RD
260 ## - PUBLICATION, DISTRIBUTION, ETC. (IMPRINT)
Place of publication NEW DELHI
Name of publisher PHI
Year of publication 2010
300 ## - PHYSICAL DESCRIPTION
Number of Pages XXXVIII;422
500 ## - GENERAL NOTE
General note Quantity Number: 5
650 ## - SUBJECT ADDED ENTRY--TOPICAL TERM
Topical Term Comp-Sc
700 ## - ADDED ENTRY--PERSONAL NAME
Personal name Harvey Deitel
942 ## - ADDED ENTRY ELEMENTS (KOHA)
Koha item type Books
Holdings
Lost status Damaged status Permanent Location Current Location Shelving location Date acquired Full call number Accession Number Koha item type
    Central Library, Trident Academy of Technology Central Library, Trident Academy of Technology General Stacks 05/24/2023 004.16 MIS 39328 Books
    Central Library, Trident Academy of Technology Central Library, Trident Academy of Technology General Stacks 05/24/2023 004.16 MIS 39329 Books
    Central Library, Trident Academy of Technology Central Library, Trident Academy of Technology General Stacks 05/24/2023 004.16 MIS 39330 Books
    Central Library, Trident Academy of Technology Central Library, Trident Academy of Technology General Stacks 05/24/2023 004.16 MIS 39331 Books
    Central Library, Trident Academy of Technology Central Library, Trident Academy of Technology General Stacks 05/24/2023 004.16 MIS 39332 Books
Trident Academy of Technology © 2023.
All rights reserved.                                                                                                                                                                                                        Designed by Team of Central Library .

Powered by Koha